000
00308nas a2200121 4500
005
20211102143254.0
008
211102b ||||| |||| 00| 0 eng d
022
_a
0973-0052
040
_c
245
_a
International journal of rural management
260
_a
Sage Publication
_b
Apr 2021
942
_2
ddc
_c
PR
999
_c
220343
_d
220343